<?xml version="1.0" encoding="UTF-8"?>
<record
    xmlns:xsi="http://www.w3.org/2001/XMLSchema-instance"
    xsi:schemaLocation="http://www.loc.gov/MARC21/slim http://www.loc.gov/standards/marcxml/schema/MARC21slim.xsd"
    xmlns="http://www.loc.gov/MARC21/slim">

  <leader>00899cam a2200301 i 4500</leader>
  <controlfield tag="001">2449970</controlfield>
  <controlfield tag="003">YEEZEN</controlfield>
  <controlfield tag="005">20250903134659.0</controlfield>
  <controlfield tag="008">240717s2024    ch     g      000 0 chi d</controlfield>
  <datafield tag="020" ind1=" " ind2=" ">
    <subfield code="a">9789863706854</subfield>
    <subfield code="q">(&#x5E73;&#x88DD;) :</subfield>
    <subfield code="c">NT$350</subfield>
  </datafield>
  <datafield tag="040" ind1=" " ind2=" ">
    <subfield code="a">TCPL</subfield>
    <subfield code="b">chi</subfield>
    <subfield code="c">TCPL</subfield>
    <subfield code="d">TCPL</subfield>
    <subfield code="e">ccr</subfield>
  </datafield>
  <datafield tag="041" ind1="1" ind2=" ">
    <subfield code="a">chi</subfield>
    <subfield code="h">jpn</subfield>
  </datafield>
  <datafield tag="042" ind1=" " ind2=" ">
    <subfield code="a">nbic</subfield>
  </datafield>
  <datafield tag="084" ind1=" " ind2=" ">
    <subfield code="a">415.943</subfield>
    <subfield code="2">ncsclt</subfield>
  </datafield>
  <datafield tag="090" ind1=" " ind2=" ">
    <subfield code="a">415.943</subfield>
  </datafield>
  <datafield tag="100" ind1="1" ind2=" ">
    <subfield code="a">&#x5C0F;&#x6797;&#x5F18;&#x5E78;</subfield>
  </datafield>
  <datafield tag="240" ind1="1" ind2="0">
    <subfield code="a">&#x4E0A;&#x6A5F;&#x5ACC;&#x306E;&#x7FD2;&#x6163;</subfield>
    <subfield code="l">&#x4E2D;&#x6587;</subfield>
  </datafield>
  <datafield tag="245" ind1="1" ind2="0">
    <subfield code="a">&#x7528;&#x597D;&#x5FC3;&#x60C5;&#x5275;&#x9020;&#x597D;&#x4EBA;&#x751F; :</subfield>
    <subfield code="b">&#x81EA;&#x5F8B;&#x795E;&#x7D93;&#x540D;&#x91AB;&#x89AA;&#x81EA;&#x50B3;&#x6388; /</subfield>
    <subfield code="c">&#x5C0F;&#x6797;&#x5F18;&#x5E78;&#x8457; ; &#x7518;&#x70BA;&#x6CBB;&#x8B6F;</subfield>
  </datafield>
  <datafield tag="246" ind1="3" ind2="0">
    <subfield code="a">&#x81EA;&#x5F8B;&#x795E;&#x7D93;&#x540D;&#x91AB;&#x89AA;&#x81EA;&#x50B3;&#x6388;</subfield>
  </datafield>
  <datafield tag="250" ind1=" " ind2=" ">
    <subfield code="a">&#x521D;&#x7248;</subfield>
  </datafield>
  <datafield tag="260" ind1=" " ind2=" ">
    <subfield code="a">&#x65B0;&#x5317;&#x5E02;&#x677F;&#x6A4B;&#x5340; :</subfield>
    <subfield code="b">&#x6953;&#x8449;&#x793E;&#x6587;&#x5316;,</subfield>
    <subfield code="c">2024.06</subfield>
  </datafield>
  <datafield tag="300" ind1=" " ind2=" ">
    <subfield code="a">183&#x9762; ;</subfield>
    <subfield code="c">19&#x516C;&#x5206;</subfield>
  </datafield>
  <datafield tag="500" ind1=" " ind2=" ">
    <subfield code="a">&#x8B6F;&#x81EA; : &#x4E0A;&#x6A5F;&#x5ACC;&#x306E;&#x7FD2;&#x6163;</subfield>
  </datafield>
  <datafield tag="650" ind1=" " ind2="7">
    <subfield code="2">lcstt</subfield>
    <subfield code="a">&#x81EA;&#x4E3B;&#x795E;&#x7D93;&#x7CFB;&#x7D71;&#x75BE;&#x75C5;</subfield>
  </datafield>
  <datafield tag="650" ind1=" " ind2="7">
    <subfield code="2">lcstt</subfield>
    <subfield code="a">&#x5065;&#x5EB7;&#x6CD5;</subfield>
  </datafield>
  <datafield tag="700" ind1="1" ind2=" ">
    <subfield code="a">&#x7518;&#x70BA;&#x6CBB;</subfield>
  </datafield>
  <datafield tag="942" ind1=" " ind2=" ">
    <subfield code="2">ccl</subfield>
    <subfield code="c">BOOK</subfield>
  </datafield>
  <datafield tag="999" ind1=" " ind2=" ">
    <subfield code="c">7672</subfield>
    <subfield code="d">7672</subfield>
  </datafield>
  <datafield tag="952" ind1=" " ind2=" ">
    <subfield code="0">0</subfield>
    <subfield code="1">0</subfield>
    <subfield code="2">ccl</subfield>
    <subfield code="4">0</subfield>
    <subfield code="7">0</subfield>
    <subfield code="a">yeezen</subfield>
    <subfield code="b">yeezen</subfield>
    <subfield code="c">YEEZEN</subfield>
    <subfield code="d">2025-09-03</subfield>
    <subfield code="l">4</subfield>
    <subfield code="m">1</subfield>
    <subfield code="o">415.943</subfield>
    <subfield code="p">C03258</subfield>
    <subfield code="r">2025-12-12 00:00:00</subfield>
    <subfield code="s">2025-11-14</subfield>
    <subfield code="w">2025-09-03</subfield>
    <subfield code="y">BOOK</subfield>
    <subfield code="z">&#x4F55;&#x8B02;&#x300C;&#x7A81;&#x5982;&#x5176;&#x4F86;&#x7684;&#x4F4E;&#x6F6E;&#x300D;? &#x5C31;&#x662F;&#x6307;&#x81EA;&#x5DF1;&#x4E5F;&#x4E0D;&#x77E5;&#x9053;&#x70BA;&#x4EC0;&#x9EBC;, &#x660E;&#x660E;&#x6C92;&#x6709;&#x9047;&#x5230;&#x4EC0;&#x9EBC;&#x7279;&#x5225;&#x5927;&#x7684;&#x56F0;&#x96E3;, &#x53EF;&#x5C31;&#x662F;&#x63D0;&#x4E0D;&#x8D77;&#x52C1;,&#x505A;&#x4EC0;&#x9EBC;&#x90FD;&#x4E0D;&#x5FEB;&#x6A02;, &#x751A;&#x81F3;&#x53EF;&#x80FD;&#x958B;&#x59CB;&#x8A0E;&#x53AD;&#x81EA;&#x5DF1;&#x2026;&#x2026;.</subfield>
  </datafield>
</record>
